"Annual report,1953-62." (Record no. 690244)

MARC details
000 -LEADER
fixed length control field 00737nam a2200241Ia 4500
003 - CONTROL NUMBER IDENTIFIER
control field OSt
005 - DATE AND TIME OF LATEST TRANSACTION
control field 20220927105022.0
008 - FIXED-LENGTH DATA ELEMENTS--GENERAL INFORMATION
fixed length control field 220926b |||||||| |||| 00| 0 eng d
037 ## - SOURCE OF ACQUISITION
Terms of availability Reference Collections
040 ## - CATALOGING SOURCE
Original cataloging agency RTL
Transcribing agency RTL
Language of cataloging eng
041 ## - LANGUAGE CODE
Source of code eng
Language code of text/sound track or separate title eng
110 ## - MAIN ENTRY--CORPORATE NAME
Corporate name or jurisdiction name as entry element GREAT EASTERN SHIPPING CO. LTD
9 (RLIN) 369470
245 #0 - TITLE STATEMENT
Title "Annual report,1953-62."
260 ## - PUBLICATION, DISTRIBUTION, ETC.
Place of publication, distribution, etc. Bombay
Name of publisher, distributor, etc. Great Eastern Shipping Co. Ltd
Date of publication, distribution, etc. 1962
300 ## - PHYSICAL DESCRIPTION
Extent 18p.
Dimensions cm.
700 ## - ADDED ENTRY--PERSONAL NAME
Personal name GREAT EASTERN SHIPPING CO. LTD
9 (RLIN) 369471
942 ## - ADDED ENTRY ELEMENTS (KOHA)
Classification part "X9(D525).231.N62<N53r, K2"
Koha item type
Holdings
Withdrawn status Lost status Damaged status Not for loan Home library Current library Date acquired Total Checkouts Full call number Barcode Date last seen Price effective from Koha item type
        Ratan Tata Library Ratan Tata Library 2022-09-27   "X9(D525).231.N62 RT0416599 2022-09-27 2022-09-27  
Copyright @ Delhi University Library System